[Event "9. Lichtenberger Sommer 2010"]
[Site "Berlin"]
[Date "2010.08.14"]
[Round "8.48"]
[White "von Löhneysen, Leonard"]
[Black "Boeck, Rüdiger"]
[Result "1/2-1/2"]
[WhiteElo "2054"]
[BlackElo "1779"]
[PlyCount "123"]
[EventDate "2010.??.??"]
[WhiteTeam "SK Zehlendorf e.V."]
[BlackTeam "SC Weisse Dame Ulm e.V."]

1. c4 Nf6 2. g3 g6 3. Bg2 Bg7 4. Nc3 O-O 5. d3 c6 6. e4 e5 7. Nge2 d6 8. O-O
Bg4 9. h3 Be6 10. f4 Qc8 11. f5 gxf5 12. Bg5 f4 13. Kh2 fxg3+ 14. Nxg3 Nbd7 15.
Nf5 Bxf5 16. Rxf5 h6 17. Bh4 Kh7 18. Qf3 Qe8 19. Rf1 Qe6 20. Bxf6 Nxf6 21. Rxf6
Bxf6 22. Qxf6 Qxf6 23. Rxf6 Rad8 24. Bf3 Kg7 25. Rf5 f6 26. Bd1 Kf7 27. Bb3 Ke6
28. Rh5 Rh8 29. Nd1 c5 30. Ne3 Rdg8 31. Nf5 Rg6 32. Bd1 Kd7 33. Bg4 Kc7 34. Ne7
Rg7 35. Nd5+ Kc6 36. Nxf6 b5 37. cxb5+ Kxb5 38. Be6 Rg6 39. Bc4+ Kc6 40. Ng4
Rh7 41. b3 a5 42. a4 Kd7 43. Rf5 Ke7 44. Ne3 Rhg7 45. Rf2 Ke8 46. Bb5+ Kd8 47.
Nd5 Rg8 48. Ne3 Rg3 49. Rg2 Rxg2+ 50. Nxg2 Ke7 51. Ne3 Kf6 52. Nc4 Kg5 53. Nxd6
Kf4 54. Nf7 h5 55. Nh6 Rg6 56. Nf5 Rg5 57. Nh4 Ke3 58. Nf5+ Kf2 59. Nh4 Ke3 60.
Bc4 Kf4 61. Bb5 Ke3 62. Bc4 1/2-1/2

[Event "9. Lichtenberger Sommer 2010"]
[Site "Berlin"]
[Date "2010.08.14"]
[Round "8.49"]
[White "Koischwitz, Wanja"]
[Black "Mai, Andreas"]
[Result "0-1"]
[WhiteElo "1773"]
[BlackElo "1949"]
[PlyCount "108"]
[EventDate "2010.??.??"]
[WhiteTeam "Queer-Springer SSV Berlin"]
[BlackTeam "SC Friesen Lichtenberg e.V."]

1. d4 Nf6 2. Nf3 g6 3. e3 Bg7 4. Be2 O-O 5. O-O d6 6. b3 Nc6 7. Bb2 Ne4 8. Nbd2
Nxd2 9. Qxd2 e5 10. d5 Ne7 11. c4 h6 12. h3 f5 13. Nh2 f4 14. e4 g5 15. Bh5 Kh7
16. Rac1 Ng6 17. Bxg6+ Kxg6 18. Qe2 h5 19. c5 Rh8 20. f3 Bf8 21. Rc2 b6 22.
cxd6 Bxd6 23. Rfc1 a5 24. a4 Ba6 25. Qd1 Qe7 26. Nf1 Bc5+ 27. Rxc5 bxc5 28. Ba3
Rhb8 29. Rxc5 Kg7 30. Qc2 Rb7 31. b4 axb4 32. Bxb4 Kg8 33. Qa2 Rxb4 34. Rc6 Qf7
35. Nd2 Bb7 36. Re6 Raxa4 37. Qc2 Rd4 38. Rxe5 Qg7 39. Re6 Ra1+ 40. Kh2 g4 41.
hxg4 hxg4 42. Re8+ Kh7 43. e5+ Kh6 44. Re6+ Kg5 45. Nb1 Bxd5 46. Rf6 g3+ 47.
Kg1 Rd1+ 48. Qxd1 Ba2 49. Rf5+ Kxf5 50. Qd3+ Ke6 51. Qa6+ Ke7 52. Qa3+ Kf7 53.
Kf1 Rxb1+ 54. Ke2 Qxe5+ 0-1

[Event "9. Lichtenberger Sommer 2010"]
[Site "Berlin"]
[Date "2010.08.14"]
[Round "8.50"]
[White "Galkin, Wladislaw"]
[Black "Peters, Henning"]
[Result "1/2-1/2"]
[WhiteElo "1910"]
[BlackElo "1740"]
[PlyCount "131"]
[EventDate "2010.??.??"]
[WhiteTeam "SC Ladja Roßdorf"]
[BlackTeam "SV Bad Schwartau von 1930"]

1. d4 Nf6 2. c4 e6 3. Nc3 Bb4 4. Qc2 c5 5. e3 O-O 6. Nf3 d5 7. dxc5 Nbd7 8.
cxd5 Nxd5 9. Bd3 f5 10. e4 fxe4 11. Bxe4 N7f6 12. O-O Nxc3 13. bxc3 Bxc5 14.
Bg5 Qc7 15. Bd3 h6 16. Bh4 Bd6 17. Bg3 e5 18. Rfe1 Re8 19. Nd2 Be6 20. Ne4 Nxe4
21. Bxe4 Rac8 22. Rad1 b6 23. Rd2 Bf7 24. Red1 Rcd8 25. Bf5 Bh5 26. Re1 Qb8 27.
h3 Bc7 28. Rxd8 Qxd8 29. Bg6 Bxg6 30. Qxg6 Re7 31. Qe4 Qd2 32. Qc4+ Kh8 33. Re2
Qd7 34. Qe4 Qe8 35. f4 Qb5 36. fxe5 Qc5+ 37. Qd4 Qb5 38. Qe3 Rd7 39. Kh2 Rd3
40. Qf2 Rxc3 41. Re3 Qc5 42. Re2 Qb5 43. Rd2 Kg8 44. Qf5 Rxg3 45. Qc8+ Kh7 46.
Qxc7 Rd3 47. Rxd3 Qxd3 48. Qd6 Qg6 49. e6 Qf6 50. Qd3+ Kh8 51. Qe4 Qe7 52. Qd5
Qc7+ 53. Kg1 Qe7 54. Qe5 Kg8 55. Qb8+ Qf8 56. Qg3 Qc5+ 57. Kh2 Qe7 58. Qe3 Qd6+
59. g3 Qe7 60. Kg2 Qb7+ 61. Kf2 Qe7 62. Ke2 Qb4 63. e7 Qb2+ 64. Kf3 Qf6+ 65.
Ke2 Qb2+ 66. Kf1 1/2-1/2

[Event "9. Lichtenberger Sommer 2010"]
[Site "Berlin"]
[Date "2010.08.14"]
[Round "8.51"]
[White "Ziems, Michael"]
[Black "Grillich, Alexander"]
[Result "1/2-1/2"]
[WhiteElo "1798"]
[BlackElo "1994"]
[PlyCount "95"]
[EventDate "2010.??.??"]
[WhiteTeam "SV Empor Berlin e.V."]
[BlackTeam "SC Rochade e.V."]

1. d4 Nf6 2. c4 g6 3. Nc3 Bg7 4. e3 O-O 5. Nf3 d6 6. Be2 c6 7. O-O Qc7 8. b3 e5
9. dxe5 dxe5 10. Bb2 Rd8 11. Qc2 Na6 12. a3 Bf5 13. e4 Bg4 14. b4 Rd7 15. Rad1
Rad8 16. Rxd7 Rxd7 17. Rd1 Bxf3 18. Bxf3 Qd8 19. Rxd7 Qxd7 20. Ne2 Ne8 21. Nc1
Qe6 22. Be2 Nb8 23. Nd3 Nd7 24. f3 Bh6 25. Nf2 Qd6 26. Ng4 Bg7 27. c5 Qe7 28.
Qd2 h5 29. Ne3 b6 30. cxb6 axb6 31. Qc3 Qd6 32. Qc2 c5 33. Nc4 Qe7 34. bxc5
Qxc5+ 35. Kf1 Nef6 36. Qd3 Bf8 37. Nd2 Be7 38. g3 Qc6 39. Qc4 Qd6 40. Qc8+ Kg7
41. Nc4 Qc5 42. Qxc5 Bxc5 43. a4 Bd4 44. Bxd4 exd4 45. Ke1 Ne8 46. Kd2 Nc7 47.
Bd1 Ne6 48. Nd6 1/2-1/2

[Event "9. Lichtenberger Sommer 2010"]
[Site "Berlin"]
[Date "2010.08.14"]
[Round "8.52"]
[White "Neumaier, Hubert"]
[Black "Kohlmeyer, Dagobert"]
[Result "1/2-1/2"]
[WhiteElo "1858"]
[BlackElo "1888"]
[PlyCount "159"]
[EventDate "2010.??.??"]
[WhiteTeam "vereinslos"]
[BlackTeam "SC Rochade e.V."]

1. d4 Nf6 2. Nf3 g6 3. Bf4 Bg7 4. e3 d5 5. Bd3 O-O 6. c3 Nbd7 7. Nbd2 a6 8. h3
c5 9. O-O c4 10. Bc2 b5 11. e4 dxe4 12. Nxe4 Bb7 13. Re1 Bxe4 14. Bxe4 Nxe4 15.
Rxe4 Nf6 16. Re2 e6 17. Qd2 Re8 18. Rc1 Rc8 19. Bg5 Qd7 20. Ne5 Qb7 21. h4 Nd5
22. Bh6 a5 23. h5 b4 24. Re4 bxc3 25. bxc3 Nxc3 26. Qxc3 Bxh6 27. hxg6 hxg6 28.
Rh4 Bg7 29. Qc2 c3 30. Rb1 Qd5 31. a4 Qd8 32. Nf3 Qc7 33. Rb5 Qd6 34. Re4 Qa3
35. Rxa5 Qb2 36. Re2 Qxc2 37. Rxc2 Rc4 38. Rb5 Rxa4 39. Rxc3 Bxd4 40. Nxd4 Rxd4
41. Rb2 Kg7 42. g3 g5 43. Rc7 Kg6 44. Rbb7 Rf8 45. Re7 g4 46. Kg2 Kf6 47. Red7
Rxd7 48. Rxd7 Ke5 49. Ra7 f5 50. Ra5+ Kf6 51. Ra6 Rd8 52. Rb6 Ke5 53. Rb1 Rd4
54. Rb6 Rd5 55. Ra6 Rc5 56. Ra1 Kd5 57. Rd1+ Kc6 58. Rd8 Re5 59. Ra8 Rb5 60.
Re8 Kd5 61. Ra8 e5 62. Rf8 Ke4 63. Rf7 Rb2 64. Rf8 Rd2 65. Rg8 Rd3 66. Rf8 Rf3
67. Ra8 Rd3 68. Rf8 Rd6 69. Rf7 Rg6 70. Ra7 f4 71. Ra4+ Kf5 72. gxf4 exf4 73.
Ra5+ Kf6 74. Ra4 Kg5 75. Ra8 Rh6 76. Ra5+ Kf6 77. Ra6+ Kg7 78. Ra7+ Kf8 79. Ra5
Rf6 80. Rg5 1/2-1/2

[Event "9. Lichtenberger Sommer 2010"]
[Site "Berlin"]
[Date "2010.08.14"]
[Round "8.53"]
[White "Walter, Günter"]
[Black "Rüther, Marc"]
[Result "1-0"]
[WhiteElo "2017"]
[BlackElo "1749"]
[PlyCount "89"]
[EventDate "2010.??.??"]
[WhiteTeam "TSG Oberschöneweide e.V."]
[BlackTeam "Queer-Springer SSV Berlin"]

1. e4 c5 2. Nf3 Nc6 3. Bb5 e6 4. O-O Nge7 5. Re1 a6 6. Bf1 g6 7. a4 Bg7 8. c3
O-O 9. d3 d5 10. Bg5 f6 11. Be3 d4 12. cxd4 cxd4 13. Bd2 Qb6 14. Na3 e5 15. Nc4
Qc7 16. a5 Be6 17. Nb6 Rab8 18. Qc1 Nc8 19. Nd5 Qd7 20. g3 Bxd5 21. exd5 Qxd5
22. Bg2 Qb5 23. Nh4 Nd6 24. Bh6 Rfc8 25. Qd2 Nb4 26. Rac1 Nxd3 27. Rxc8+ Rxc8
28. Rd1 Nxb2 29. Bxg7 Kxg7 30. Rb1 Nbc4 31. Qd3 Qxa5 32. Bh3 Rc7 33. Be6 b5 34.
g4 Qc3 35. Qe2 Na3 36. Rb3 Qc1+ 37. Kg2 Qc2 38. Qf3 Rc3 39. Rxc3 dxc3 40. Bd5
b4 41. g5 Nf5 42. gxf6+ Kf8 43. Qh3 Nxh4+ 44. Qxh4 Qf5 45. Qxb4+ 1-0

[Event "9. Lichtenberger Sommer 2010"]
[Site "Berlin"]
[Date "2010.08.14"]
[Round "8.54"]
[White "Bandlow, Matthias"]
[Black "Becker, Uwe"]
[Result "1-0"]
[WhiteElo "2004"]
[BlackElo "1801"]
[PlyCount "71"]
[EventDate "2010.??.??"]
[WhiteTeam "SC Borussia Friedrichsfelde 1920"]
[BlackTeam "SV Glück auf Rüdersdorf e.V."]

1. d4 Nf6 2. c4 e6 3. Nf3 d5 4. e3 c6 5. Nbd2 Bb4 6. a3 Be7 7. Bd3 O-O 8. O-O
Nbd7 9. b4 Qc7 10. Bb2 dxc4 11. Nxc4 Nd5 12. Rc1 N7f6 13. Nce5 Bd6 14. Bb1 Ne7
15. Qc2 Ng6 16. b5 Bd7 17. bxc6 bxc6 18. Nxd7 Qxd7 19. Qxc6 Rfc8 20. Qa6 Rc7
21. Rxc7 Bxc7 22. Rc1 Rb8 23. Bc3 Nd5 24. Be1 Bb6 25. h3 Nge7 26. Ne5 Qe8 27.
a4 f6 28. Nf3 Nc7 29. Qd3 Qxa4 30. Qxh7+ Kf8 31. Nh4 Qe8 32. Ng6+ Kf7 33. Nxe7
Kxe7 34. Qxg7+ Kd8 35. Qxf6+ Kd7 36. Be4 1-0

[Event "9. Lichtenberger Sommer 2010"]
[Site "Berlin"]
[Date "2010.08.14"]
[Round "8.55"]
[White "Barwich, Alfred"]
[Black "Pöltelt, Helmut"]
[Result "1-0"]
[WhiteElo "1909"]
[BlackElo "1697"]
[PlyCount "91"]
[EventDate "2010.??.??"]
[WhiteTeam "SV Berolina Mitte e.V."]
[BlackTeam "SC Eintracht Berlin e.V."]

1. d4 d5 2. c4 c6 3. cxd5 cxd5 4. Nc3 Nf6 5. Bf4 Bf5 6. e3 a6 7. f3 Nc6 8. g4
Bd7 9. Bd3 h6 10. Rc1 Rc8 11. Nge2 e6 12. Bg3 Be7 13. O-O Na5 14. b3 Ba3 15.
Rc2 b5 16. Nb1 Be7 17. Qd2 Rxc2 18. Bxc2 Nc6 19. a3 a5 20. a4 Qb6 21. Qd3 Nb8
22. Rc1 O-O 23. Be5 g6 24. Nf4 Rc8 25. Nxg6 Bd8 26. Nf4 Be8 27. Nh5 Nbd7 28.
Nxf6+ Nxf6 29. h4 Nd7 30. Qh7+ Kf8 31. Bg7+ Ke7 32. Qxh6 e5 33. Qh8 f6 34. g5
Bg6 35. gxf6+ Nxf6 36. Bf8+ Ke6 37. Bc5 Rxc5 38. dxc5 Qxc5 39. Qxd8 Qxe3+ 40.
Kg2 Qxc1 41. Bxg6 Qc6 42. Qf8 Qb7 43. Nd2 e4 44. f4 d4 45. Nxe4 d3 46. Qxf6+
1-0

[Event "9. Lichtenberger Sommer 2010"]
[Site "Berlin"]
[Date "2010.08.14"]
[Round "8.56"]
[White "Schlittermann, Wolfgang"]
[Black "Große-Honebrink, Brigitte"]
[Result "1-0"]
[WhiteElo "1683"]
[BlackElo "1934"]
[PlyCount "109"]
[EventDate "2010.??.??"]
[WhiteTeam "SK Gilette"]
[BlackTeam "SC Kreuzberg e.V."]

1. b3 Nf6 2. Bb2 g6 3. f4 Bg7 4. e3 b6 5. Nf3 Bb7 6. Be2 d6 7. O-O Nbd7 8. c4
O-O 9. Nc3 e6 10. d4 a6 11. Rc1 Qe7 12. Ba3 c5 13. Qc2 Rfd8 14. h3 Rac8 15.
Rcd1 d5 16. Ne5 Qe8 17. dxc5 Nxc5 18. Bxc5 bxc5 19. Bf3 Qe7 20. cxd5 exd5 21.
Qf2 d4 22. Bxb7 Qxb7 23. exd4 Qb4 24. Ne2 Bf8 25. Kh2 Ne4 26. Qe3 f5 27. Nd3
cxd4 28. Nxb4 dxe3 29. Rxd8 Rxd8 30. Nc6 Rd2 31. Ng3 Nxg3 32. Kxg3 Rxa2 33. Re1
Bc5 34. b4 Bb6 35. Ne7+ Kf7 36. Nd5 Bd4 37. Nxe3 Ra3 38. Kf3 Rb3 39. g4 fxg4+
40. hxg4 Rxb4 41. Nd5 Rb3+ 42. Ke4 Bc5 43. Rc1 Bd6 44. Rc6 Ke6 45. Rxa6 Rh3 46.
f5+ gxf5+ 47. gxf5+ Kd7 48. Nf6+ Ke7 49. Nxh7 Rh4+ 50. Kd5 Bb4 51. Ra7+ Ke8 52.
Nf6+ Kf8 53. Nd7+ Kf7 54. Ne5+ Kf6 55. Rf7+ 1-0

[Event "9. Lichtenberger Sommer 2010"]
[Site "Berlin"]
[Date "2010.08.14"]
[Round "8.57"]
[White "Popp, Maximilian"]
[Black "Strehlow, Horst"]
[Result "0-1"]
[WhiteElo "1705"]
[BlackElo "2101"]
[PlyCount "46"]
[EventDate "2010.??.??"]
[WhiteTeam "Spvgg 1946 e.V. Stetten"]
[BlackTeam "SC Friesen Lichtenberg e.V."]

1. e4 e6 2. d4 d5 3. Nc3 Nf6 4. Bg5 Be7 5. e5 Nfd7 6. h4 c5 7. Bxe7 Qxe7 8. Nb5
O-O 9. Nc7 Nc6 10. Nxa8 cxd4 11. f4 f6 12. exf6 Nxf6 13. a3 Qd6 14. Nh3 Bd7 15.
Bd3 Rxa8 16. g4 e5 17. f5 e4 18. Be2 Qg3+ 19. Kd2 Qe3+ 20. Ke1 Nxg4 21. Kf1 Nf6
22. Bg4 Nxg4 23. Qxg4 Bxf5 0-1

[Event "9. Lichtenberger Sommer 2010"]
[Site "Berlin"]
[Date "2010.08.14"]
[Round "8.59"]
[White "Kötz, Andreas"]
[Black "Herrmann, Eberhard"]
[Result "0-1"]
[WhiteElo "2039"]
[BlackElo "1818"]
[PlyCount "102"]
[EventDate "2010.??.??"]
[WhiteTeam "SC Zitadelle Spandau 1977 e.V."]
[BlackTeam "SC Friesen Lichtenberg e.V."]

1. d4 d5 2. c4 e6 3. Nf3 Nf6 4. g3 Nbd7 5. Bg2 a6 6. Qc2 Be7 7. O-O O-O 8. b3
c5 9. Bb2 b6 10. cxd5 exd5 11. Rd1 Bb7 12. Nh4 g6 13. dxc5 Nxc5 14. Nc3 Rc8 15.
Qd2 Nce4 16. Nxe4 dxe4 17. Qf4 Qc7 18. Be5 Qc6 19. Rac1 Qe6 20. Bh3 Qxh3 21.
Bxf6 Bxf6 22. Qxf6 b5 23. Qb6 Rxc1 24. Rxc1 Qd7 25. Ng2 Qd2 26. Re1 Bc8 27. a3
Re8 28. Qe3 Rd8 29. Rc1 Be6 30. b4 Bc4 31. Qxd2 Rxd2 32. Nf4 Ra2 33. Rc3 g5 34.
Nh5 Rxe2 35. Re3 Kf8 36. Nf6 Rd2 37. Nxe4 Rd1+ 38. Kg2 g4 39. f3 f5 40. Nf2
Bf1+ 41. Kg1 Ra1 42. fxg4 Bh3+ 43. Nd1 Rxd1+ 44. Kf2 Rd2+ 45. Ke1 Rxh2 46. gxf5
Ra2 47. f6 Kf7 48. Re7+ Kxf6 49. Rxh7 Bf5 50. Rh4 Rxa3 51. Kf2 Ra4 0-1

[Event "9. Lichtenberger Sommer 2010"]
[Site "Berlin"]
[Date "2010.08.14"]
[Round "8.61"]
[White "Lachmann, Daniel"]
[Black "Merz, Rüdiger"]
[Result "0-1"]
[WhiteElo "1756"]
[BlackElo "1920"]
[PlyCount "110"]
[EventDate "2010.??.??"]
[WhiteTeam "SV Empor Berlin e.V."]
[BlackTeam "SK Zehlendorf e.V."]

1. e4 c5 2. Nf3 d6 3. d4 cxd4 4. Bc4 Qa5+ 5. Bd2 Qc5 6. Bb3 Bg4 7. Bxf7+ Kxf7
8. Ng5+ Ke8 9. Qxg4 Na6 10. O-O Nf6 11. Qe6 Nc7 12. Qf7+ Kd7 13. Qb3 h6 14. Nf7
Rh7 15. e5 dxe5 16. Re1 e4 17. Bf4 g5 18. Ne5+ Ke8 19. Bg3 b6 20. Nd2 Ncd5 21.
Nxe4 Nxe4 22. Rxe4 Nf6 23. Re2 Rd8 24. Qd3 Rg7 25. Rd1 Rd5 26. Qa6 e6 27. Nd3
Qc6 28. Be5 Ra5 29. Qxa5 bxa5 30. Bxf6 Rb7 31. Bxd4 Qd5 32. Rxe6+ Qxe6 33. Re1
Kf7 34. Rxe6 Kxe6 35. Bc5 Bg7 36. Ba3 Kd5 37. Kf1 Rc7 38. c3 Bxc3 39. bxc3 Rxc3
40. Bf8 Rxd3 41. Ke2 Kc4 42. a4 h5 43. Bh6 Rd5 44. f4 g4 45. Ke3 Rd6 46. Bg7
Rd3+ 47. Ke2 Ra3 48. f5 Kd5 49. Kf2 h4 50. Bf6 g3+ 51. hxg3 hxg3+ 52. Ke2 Ke4
53. Bd8 Ra2+ 54. Kf1 Rxa4 55. Bf6 Ke3 0-1

[Event "9. Lichtenberger Sommer 2010"]
[Site "Berlin"]
[Date "2010.08.14"]
[Round "8.62"]
[White "Oginski, Ulrich"]
[Black "Lange, Rudolf"]
[Result "1-0"]
[WhiteElo "1826"]
[BlackElo "1790"]
[PlyCount "49"]
[EventDate "2010.??.??"]
[WhiteTeam "SC Weisse Dame e.V."]
[BlackTeam "SG Narva Berlin e.V."]

1. c4 c6 2. Nf3 Nf6 3. Nc3 d5 4. d4 e6 5. e3 Nbd7 6. Qc2 Bd6 7. Be2 dxc4 8.
Bxc4 O-O 9. O-O e5 10. h3 Re8 11. e4 exd4 12. Nxd4 Nc5 13. Bg5 Bh2+ 14. Kxh2
Qxd4 15. Bxf6 gxf6 16. Bb3 Nxe4 17. Rad1 Qe5+ 18. f4 Qe7 19. Nxe4 Qxe4 20. Qxe4
Rxe4 21. Rd8+ Kg7 22. Rf3 Re7 23. Rg3+ Kh6 24. Rgg8 Rc7 25. g4 1-0

[Event "9. Lichtenberger Sommer 2010"]
[Site "Berlin"]
[Date "2010.08.14"]
[Round "8.63"]
[White "Schönemann, Manfred"]
[Black "Nagel, Gerhard"]
[Result "1-0"]
[WhiteElo "1811"]
[BlackElo "1975"]
[PlyCount "45"]
[EventDate "2010.??.??"]
[WhiteTeam "SV Turbine Berlin e.V."]
[BlackTeam "SC Einheit Bautzen"]

1. d4 d5 2. c4 c6 3. Nf3 Nf6 4. Nbd2 dxc4 5. Nxc4 Bf5 6. g3 Nbd7 7. Bg2 h6 8.
O-O e6 9. Qb3 Nb6 10. a4 Be7 11. Nfe5 O-O 12. a5 Nxc4 13. Qxc4 Be4 14. f3 Bh7
15. e4 Nd7 16. Be3 Nxe5 17. dxe5 Qc7 18. f4 Rfd8 19. b4 Rd7 20. Rad1 Rad8 21.
Rxd7 Rxd7 22. Bxa7 b5 23. axb6 1-0

[Event "9. Lichtenberger Sommer 2010"]
[Site "Berlin"]
[Date "2010.08.14"]
[Round "8.64"]
[White "Mohr, Horst"]
[Black "Keusch, Horst"]
[Result "0-1"]
[WhiteElo "1798"]
[BlackElo "1953"]
[PlyCount "88"]
[EventDate "2010.??.??"]
[WhiteTeam "SC Caissa Falkensee e.V."]
[BlackTeam "SC Friesen Lichtenberg e.V."]

1. d4 e6 2. Nf3 f5 3. Bg5 Nf6 4. Nbd2 Be7 5. Bxf6 Bxf6 6. e4 O-O 7. Bd3 d6 8.
c3 Nc6 9. Qc2 Qe8 10. O-O-O Kh8 11. exf5 exf5 12. Rde1 Qh5 13. h3 g6 14. g4 Qh6
15. Reg1 Bh4 16. Nxh4 Qxh4 17. f4 Qh6 18. Rf1 Ne7 19. Nc4 Nd5 20. Qf2 fxg4 21.
hxg4 Qxf4+ 22. Qxf4 Rxf4 23. Rxf4 Nxf4 24. Bc2 Bxg4 25. Rh4 h5 26. Ne3 g5 27.
Rh1 Bf3 28. Rf1 g4 29. Nf5 Rf8 30. Nh4 Kg7 31. Kd2 Ng2 32. Nf5+ Kf6 33. c4 Kg5
34. Ng7 Nf4 35. d5 h4 36. Ke3 h3 37. Bd1 Bxd1 38. Rxd1 Rf7 39. Ne6+ Nxe6 40.
dxe6 Re7 41. Rd5+ Kh4 42. Kf4 Rxe6 43. Rf5 h2 44. Rf8 Rh6 0-1

[Event "9. Lichtenberger Sommer 2010"]
[Site "Berlin"]
[Date "2010.08.14"]
[Round "8.65"]
[White "Streit, Jürgen"]
[Black "Hempel-Morgenstern, Markus"]
[Result "1-0"]
[WhiteElo "1946"]
[BlackElo "1564"]
[PlyCount "85"]
[EventDate "2010.??.??"]
[WhiteTeam "Schachzirkel Elstertal Langenber"]
[BlackTeam "SG Weißensee 49 e.V."]

1. e4 d5 2. exd5 Nf6 3. d4 Nxd5 4. c4 Nb6 5. Nf3 g6 6. Be3 Bg7 7. Be2 c5 8. Nc3
cxd4 9. Nxd4 O-O 10. Ndb5 Bxc3+ 11. bxc3 Qxd1+ 12. Rxd1 Nc6 13. Rd2 Be6 14. Nc7
Rac8 15. Nxe6 fxe6 16. Bg4 Kf7 17. Re2 Nxc4 18. Bh6 N4e5 19. Bxf8 Nxg4 20. h3
Rxf8 21. hxg4 Rh8 22. g5 e5 23. Re3 Kg7 24. Reh3 b5 25. Rh4 a5 26. a3 a4 27.
Ke2 e6 28. Rd1 Rd8 29. Rdh1 Rh8 30. Rd1 Rd8 31. Rxd8 Nxd8 32. Rb4 Nf7 33. Rxb5
Nxg5 34. Rb4 Kf6 35. Rxa4 Kf5 36. f3 e4 37. fxe4+ Nxe4 38. Rc4 h5 39. a4 Nd6
40. Rc5+ Ke4 41. a5 Nb7 42. Rb5 Nxa5 43. Rxa5 1-0

[Event "9. Lichtenberger Sommer 2010"]
[Site "Berlin"]
[Date "2010.08.14"]
[Round "8.66"]
[White "Ross, Chris N"]
[Black "Thier, Jürgen"]
[Result "1-0"]
[WhiteElo "2207"]
[BlackElo "2073"]
[PlyCount "123"]
[EventDate "2010.??.??"]
[WhiteTeam "New England"]
[BlackTeam "SF Heidelberg"]

1. e4 b6 2. d4 e6 3. Bd3 Bb7 4. Nf3 d6 5. O-O Nd7 6. Re1 g6 7. c3 Bg7 8. Bg5
Ne7 9. Qd2 h6 10. Bf4 g5 11. Be3 Nf6 12. Qc2 a6 13. a4 g4 14. Nfd2 e5 15. dxe5
dxe5 16. Na3 Ng6 17. a5 b5 18. Nb3 Nd7 19. Nc5 Nxc5 20. Bxc5 Bf8 21. Be3 Qf6
22. b4 Nf4 23. Bxf4 Qxf4 24. Qe2 c6 25. Nc2 Be7 26. Ne3 Bc8 27. Rad1 h5 28. Nf5
Bxf5 29. exf5 f6 30. Be4 Rc8 31. Qd3 Kf8 32. Qd7 Rd8 33. Qxc6 Rd2 34. Rf1 h4
35. Qa8+ Kg7 36. Qb7 Kf8 37. Qa8+ Kg7 38. Qb7 Kf8 39. Qc8+ Kg7 40. Qe6 Kf8 41.
Bd5 Rxd5 42. Rxd5 Rh7 43. Qc8+ Kg7 44. Qe8 Qxf5 45. Qxe7+ Kg6 46. Qc5 h3 47.
Qe3 hxg2 48. Kxg2 Rh3 49. f3 Qh5 50. Qe4+ Kf7 51. Rh1 Rxf3 52. Rd7+ Ke6 53. Rh7
Qg5 54. Qc6+ Kf5 55. Qd7+ Ke4 56. Re1+ Re3 57. Rxe3+ Kxe3 58. Qa7+ Kd3 59. Rd7+
Kxc3 60. Qc5+ Kb2 61. Rd3 Qc1 62. Rb3+ 1-0

[Event "9. Lichtenberger Sommer 2010"]
[Site "Berlin"]
[Date "2010.08.14"]
[Round "8.67"]
[White "Bullig, Reinhard"]
[Black "Fleischmann, Torsten"]
[Result "1-0"]
[WhiteElo "1717"]
[BlackElo "1888"]
[PlyCount "21"]
[EventDate "2010.??.??"]
[WhiteTeam "Sfrd. Berlin 1903 e.V."]
[BlackTeam "Treptower SV 1949 e.V."]

1. d4 d5 2. Nf3 Nf6 3. c4 c6 4. Nc3 Bf5 5. e3 e6 6. Bd3 Bd6 7. Bxf5 exf5 8.
cxd5 cxd5 9. Qb3 Qd7 10. Ne5 Qc7 11. Nb5 1-0

[Event "9. Lichtenberger Sommer 2010"]
[Site "Berlin"]
[Date "2010.08.14"]
[Round "8.68"]
[White "Prix, Siegfried"]
[Black "Schmalzried, Volker"]
[Result "0-1"]
[WhiteElo "1781"]
[BlackElo "1853"]
[PlyCount "120"]
[EventDate "2010.??.??"]
[WhiteTeam "Sfrd. Berlin 1903 e.V."]
[BlackTeam "Umweltbundesamt"]

1. e4 g6 2. c4 Bg7 3. d4 c5 4. Nf3 cxd4 5. Nxd4 Nc6 6. Be3 Nf6 7. Nc3 O-O 8.
Be2 d6 9. O-O Bd7 10. f3 a6 11. Rc1 Rc8 12. Qd2 Ne5 13. Nd5 Nc6 14. Nxc6 Bxc6
15. Bb6 Qd7 16. Rfd1 Nh5 17. Bd4 Bxd5 18. cxd5 Bxd4+ 19. Qxd4 Nf4 20. Bf1 Rxc1
21. Rxc1 Rc8 22. Qe3 Nh5 23. b4 Nf6 24. Rxc8+ Qxc8 25. Qb6 Nd7 26. Qd4 Ne5 27.
f4 Ng4 28. e5 Qc1 29. h3 Ne3 30. Qd3 dxe5 31. fxe5 Nxf1 32. Qxf1 Qe3+ 33. Qf2
Qxe5 34. Qd2 Qd6 35. a3 e6 36. Qc3 Qxd5 37. Qc8+ Kg7 38. Qc3+ e5 39. Kf2 Qd4+
40. Qxd4 exd4 41. Kf3 d3 42. Ke3 d2 43. Kxd2 Kf6 44. Ke3 Ke5 45. g4 f5 46. gxf5
Kxf5 47. a4 g5 48. b5 axb5 49. axb5 h5 50. b6 g4 51. Kf2 gxh3 52. Kg3 Ke5 53.
Kxh3 Kd5 54. Kh4 Kc5 55. Kxh5 Kxb6 56. Kg4 Kc5 57. Kf3 Kc4 58. Ke3 Kc3 59. Ke2
Kc2 60. Ke3 b5 0-1

[Event "9. Lichtenberger Sommer 2010"]
[Site "Berlin"]
[Date "2010.08.14"]
[Round "8.69"]
[White "Schulz, Toni"]
[Black "Kornijenko, Alexander"]
[Result "1-0"]
[WhiteElo "1857"]
[BlackElo "1366"]
[PlyCount "31"]
[EventDate "2010.??.??"]
[WhiteTeam "ESV Lok Raw Cottbus e.V."]
[BlackTeam "vereinslos"]

1. d4 Nf6 2. Bf4 d5 3. e3 e6 4. Bd3 Be7 5. Nf3 O-O 6. Nbd2 c5 7. c3 Nc6 8. Ne5
Qb6 9. Rb1 Bd6 10. Qf3 c4 11. Bc2 Qc7 12. Nxc6 Qxc6 13. g4 e5 14. dxe5 Bxg4 15.
Qg2 Nd7 16. exd6 1-0

[Event "9. Lichtenberger Sommer 2010"]
[Site "Berlin"]
[Date "2010.08.14"]
[Round "8.70"]
[White "Toumbeli, Zoi"]
[Black "Enis, Arpaci"]
[Result "1-0"]
[WhiteElo "1994"]
[BlackElo "1400"]
[PlyCount "55"]
[EventDate "2010.??.??"]
[WhiteTeam "Patras Chess Club"]
[BlackTeam "vereinslos"]

1. Nf3 g6 2. d4 Bg7 3. e4 d6 4. Nc3 Nd7 5. Bg5 c5 6. d5 Qa5 7. Qd2 Qb4 8. Rb1
Bxc3 9. Qxc3 Qxe4+ 10. Be3 Ngf6 11. Rd1 Rg8 12. Ng5 Qf5 13. Bd3 Qxd5 14. O-O
Qc6 15. Qb3 Ne5 16. Bb5 Be6 17. Bxc6+ bxc6 18. Nxe6 fxe6 19. Qxe6 Rh8 20. Bg5
Rf8 21. Bxf6 Rxf6 22. Qb3 Kf8 23. h3 Kg7 24. f4 Nd7 25. Qb7 Nb6 26. Qxe7+ Rf7
27. Qxd6 Nc4 28. Qxc5 1-0

[Event "9. Lichtenberger Sommer 2010"]
[Site "Berlin"]
[Date "2010.08.14"]
[Round "8.71"]
[White "Yilmaz, Rahmi"]
[Black "Körner, Helmut"]
[Result "0-1"]
[WhiteElo "1556"]
[BlackElo "1965"]
[PlyCount "60"]
[EventDate "2010.??.??"]
[WhiteTeam "BSC Rehberge 1945 e.V."]
[BlackTeam "Sfr.Nord-Ost Berlin"]

1. d4 Nf6 2. Nf3 b5 3. e3 a6 4. g3 Bb7 5. Bg2 e6 6. O-O Be7 7. b3 O-O 8. Bb2 d6
9. Re1 Ne4 10. Nfd2 f5 11. Nc3 d5 12. Ncxe4 fxe4 13. Rf1 Qe8 14. f3 exf3 15.
Nxf3 Nd7 16. Bh3 Qg6 17. Qd3 Qh6 18. Bg2 Bd6 19. Qe2 Qh5 20. Rf2 Rf5 21. Raf1
Raf8 22. Qe1 Qe8 23. Bh3 R5f6 24. Ng5 Rg6 25. Rxf8+ Nxf8 26. Nf3 Rh6 27. Bg4
Qg6 28. Qf2 Qxg4 29. Ne5 Qh5 30. Nf7 Rf6 0-1

[Event "9. Lichtenberger Sommer 2010"]
[Site "Berlin"]
[Date "2010.08.14"]
[Round "8.72"]
[White "Hübner, Alan-Ari"]
[Black "Lieder, Günter"]
[Result "1/2-1/2"]
[WhiteElo "1558"]
[BlackElo "1868"]
[PlyCount "129"]
[EventDate "2010.??.??"]
[WhiteTeam "TuS Makkabi Berlin e.V."]
[BlackTeam "SK Turm Bad Hersfeld"]

1. d4 d5 2. c4 e6 3. Nc3 Nf6 4. cxd5 exd5 5. Bg5 c6 6. e3 Be7 7. Bd3 Bg4 8. Qc2
Nbd7 9. Nge2 Bh5 10. h3 Qc7 11. O-O-O O-O-O 12. g4 Bg6 13. Bxg6 hxg6 14. Ng3
Bd6 15. f4 Rde8 16. Qf2 Nb6 17. b3 Nbd7 18. Kb2 Qa5 19. Nge2 Bb4 20. f5 Ne4 21.
Nxe4 Rxe4 22. fxg6 f6 23. Bf4 Nf8 24. Ng3 Ba3+ 25. Kb1 Re8 26. Nf5 Nxg6 27. Bd6
Rhg8 28. Bxa3 Qxa3 29. Qb2 Qxb2+ 30. Kxb2 Kd7 31. Kc3 Ne7 32. Nxe7 Kxe7 33. Kd3
Kf7 34. b4 Re6 35. a4 Ra8 36. Rb1 b6 37. Rh2 Rc8 38. Rc2 Re7 39. Rf1 Rec7 40.
Rf5 Ke6 41. e4 dxe4+ 42. Kxe4 Kd6 43. Rc1 Re8+ 44. Kd3 Rce7 45. Rf3 Re1 46.
Rxe1 Rxe1 47. Kc4 Ra1 48. Kb3 Kd5 49. Rc3 Rd1 50. Re3 Kxd4 51. Re7 Rd3+ 52. Kb2
Rxh3 53. Rxg7 Kc4 54. Rxa7 Kxb4 55. Ra6 Rh2+ 56. Kc1 Kc5 57. Kb1 Rg2 58. a5
bxa5 59. Rxa5+ Kb4 60. Rf5 Rxg4 61. Rxf6 c5 62. Rf3 Rg2 63. Kc1 c4 64. Rh3 c3
65. Rh8 1/2-1/2